000
00240nam a22000857a 4500
008
160912b xxu||||| |||| 00| 0 eng d
100
_9
400
_a
Aggarwal.R.S. etal
245
_a
Composide Mathematics-1
260
_a
New Delhi
_b
S.Chand Publications
_c
2012
999
_c
3058
_d
3058